Being logical : (Record no. 21599)

MARC details
000 -LEADER
fixed length control field 00494nam a22001817a 4500
003 - CONTROL NUMBER IDENTIFIER
control field OSt
008 - FIXED-LENGTH DATA ELEMENTS--GENERAL INFORMATION
fixed length control field 260305b2004 |||||||| |||| 00| 0 eng d
020 ## - INTERNATIONAL STANDARD BOOK NUMBER
International Standard Book Number 9780812971156
082 ## - DEWEY DECIMAL CLASSIFICATION NUMBER
Classification number 160
Item number MCI-B
100 ## - MAIN ENTRY--PERSONAL NAME
Personal name Mcinerny, D. Q.
245 ## - TITLE STATEMENT
Title Being logical :
Remainder of title a guide to good thinking /
Statement of responsibility, etc D. Q. Mcinerny
260 ## - PUBLICATION, DISTRIBUTION, ETC. (IMPRINT)
Place of publication, distribution, etc New York :
Name of publisher, distributor, etc Random House Trade Paperbacks,
Date of publication, distribution, etc 2004.
300 ## - PHYSICAL DESCRIPTION
Extent / Pages xvi, 137 p. ;
650 ## - SUBJECT ADDED ENTRY--TOPICAL TERM
Topical term or geographic name as entry element Logic
650 ## - SUBJECT ADDED ENTRY--TOPICAL TERM
Topical term or geographic name as entry element Reasoning
650 ## - SUBJECT ADDED ENTRY--TOPICAL TERM
Topical term or geographic name as entry element Thought and thinking
942 ## - ADDED ENTRY ELEMENTS (KOHA)
Source of classification or shelving scheme
Koha item type Books
Holdings
Withdrawn status Lost status Source of classification or shelving scheme Damaged status Not for loan Home library Current library Date acquired Source of acquisition Currency Cost, normal purchase price Full call number Barcode Date last seen Copy number Bill Date Koha item type Bill Number
          SOBD Library SOBD Library 28/02/2026 All India Book house INR 750.00 160 MCI-B1 008409 05/03/2026 1 28/02/2026 Reference Books NA/IN/2068
          SOBD Library SOBD Library 28/02/2026 All India Book house INR 750.00 160 MCI-B2 008410 05/03/2026 2 28/02/2026 Books NA/IN/2068
          SOBD Library SOBD Library 28/02/2026 All India Book house INR 750.00 160 MCI-B3 008411 05/03/2026 3 28/02/2026 Books NA/IN/2068
Hosted, Implemented, Customized & Maintained by: BestBookBuddies

Powered by Koha